|
|
|
|
| LEADER |
00000nam0a2200000 4500 |
| 001 |
171200 |
| 005 |
20231101222936.0 |
| 035 |
|
|
|a (RuTPU)RU\TPU\book\185657
|
| 090 |
|
|
|a 171200
|
| 100 |
|
|
|a 20091202d2008 m y0rusy50 ca
|
| 101 |
0 |
|
|a rus
|
| 102 |
|
|
|a RU
|
| 105 |
|
|
|a y j 001zy
|
| 200 |
1 |
|
|a Основы экологии
|e учебное пособие
|f В. К. Марьин, В. А. Емельянов
|g Пензенский государственный университет архитектуры и строительства (ПГУАС)
|
| 205 |
|
|
|a 3-е изд., перераб. и доп.
|
| 210 |
|
|
|a Пенза
|c ПГУАС
|d 2008
|
| 215 |
|
|
|a 194 с.
|
| 320 |
|
|
|a Библиогр.: с. 186.
|
| 330 |
|
|
|a В книге в тесной взаимосвязи экологии и экономики рассмотрены вопросы антропогенного воздействия на природу, среду обитания и здоровье человека. Обобщены глобальные задачи в области охраны окружающей среды и экологической безопасности в современных условиях. Определена роль законодательства, образования, воспитания, сознания и культуры в решении экологических проблем.
|
| 606 |
1 |
|
|a Экология в целом
|2 stltpush
|3 (RuTPU)RU\TPU\subj\39023
|9 59264
|
| 610 |
1 |
|
|a учебные пособия
|
| 610 |
1 |
|
|a биосфера
|
| 610 |
1 |
|
|a человек
|
| 610 |
1 |
|
|a природа
|
| 610 |
1 |
|
|a антропогенное воздействие
|
| 610 |
1 |
|
|a здоровье
|
| 610 |
1 |
|
|a промышленное производство
|
| 610 |
1 |
|
|a экологизация
|
| 610 |
1 |
|
|a экономика
|
| 610 |
1 |
|
|a окружающая среда
|
| 610 |
1 |
|
|a глобальные проблемы
|
| 610 |
1 |
|
|a экологическое законодательство
|
| 610 |
1 |
|
|a экологическая политика
|
| 610 |
1 |
|
|a международное сотрудничество
|
| 610 |
1 |
|
|a экологическое образование
|
| 610 |
1 |
|
|a экологическое воспитание
|
| 675 |
|
|
|a 504(075.8)
|v 3
|
| 700 |
|
1 |
|a Марьин
|b В. К.
|g Виктор Кузьмич
|
| 701 |
|
1 |
|a Емельянов
|b В. А.
|g Владимир Александрович
|
| 712 |
0 |
2 |
|a Пензенский государственный университет архитектуры и строительства (ПГУАС)
|2 stltpush
|3 (RuTPU)RU\TPU\col\5832
|
| 801 |
|
1 |
|a RU
|b 63413507
|c 20091202
|
| 801 |
|
2 |
|a RU
|b 63413507
|c 20120209
|g RCR
|
| 942 |
|
|
|c BK
|